000 00296nam a22001337a 4500
008 180205b xxu||||| |||| 00| 0 eng d
020 _a9781428342064
041 _aeng
080 _a004
100 _a28
101 _aSHK
245 _aAdobe photoshop CS2 basics
_cBarksdale,
942 _2udc
_cBK
999 _c41714
_d41714